000
00203nam a22001097a 4500
041
_a
eng
080
_a
80
100
_a
Morozov, K. P.
245
_a
Above and Beyond
650
_a
History
999
_c
281198
_d
281198
942
_c
BK